[Event "First Saturday 2010 februar FM-A"]
[Site "Budapest"]
[Date "2010.02.11"]
[Round "6"]
[White "Tran, Minh Thanh"]
[Black "Kovacs, Lajos"]
[Result "1/2-1/2"]
[WhiteElo "1921"]
[BlackElo "2176"]
[PlyCount "79"]
[EventDate "2010.02.06"]

1. d4 d5 2. Bf4 Nf6 3. e3 e6 4. Nf3 c5 5. c3 Nc6 6. Ne5 Qb6 7. Qc2 Be7 8. h3
O-O 9. a3 a5 10. a4 cxd4 11. exd4 Nxe5 12. Bxe5 Nd7 13. Bg3 f5 14. Bd3 h6 15.
Bf4 Nf6 16. Na3 Bd6 17. Bxd6 Qxd6 18. Nb5 Qf4 19. Qd2 Qb8 20. f3 e5 21. dxe5
Qxe5+ 22. Kf2 Ne4+ 23. fxe4 fxe4+ 24. Kg1 exd3 25. Qxd3 Rf4 26. Rd1 Be6 27. Nd4
Bf5 28. Nf3 Bxd3 29. Nxe5 Be4 30. Rd2 Re8 31. Nd7 Kf7 32. Kh2 Re7 33. Nc5 b6
34. Nb3 Rc7 35. Kg3 Rf6 36. Ra1 Rc4 37. Rf2 Bf5 38. Nd4 Bd7 39. Ra3 Rxf2 40.
Kxf2 1/2-1/2

[Event "First Saturday 2010 februar FM-A"]
[Site "Budapest"]
[Date "2010.02.11"]
[Round "6"]
[White "Kantor, Gergely"]
[Black "Borda, Lajos"]
[Result "1/2-1/2"]
[WhiteElo "1909"]
[BlackElo "2060"]
[PlyCount "73"]
[EventDate "2010.02.06"]

1. d4 Nf6 2. c4 e5 3. dxe5 Ng4 4. Nf3 Bc5 5. e3 Nc6 6. Nc3 Ngxe5 7. Nxe5 Nxe5
8. Be2 O-O 9. O-O a5 10. Ne4 Be7 11. b3 d6 12. Bb2 Be6 13. Qc2 f5 14. Ng3 g6
15. c5 Nd7 16. cxd6 cxd6 17. Qd2 d5 18. Bf3 Nc5 19. Qd4 Rf6 20. Ne2 g5 21. Ng3
g4 22. Nh5 Kf7 23. Nxf6 Bxf6 24. Qxf6+ Qxf6 25. Bxf6 gxf3 26. Bd4 Ne4 27. g3
Bd7 28. Rfc1 Bc6 29. Rc2 Ke6 30. a3 a4 31. bxa4 Rxa4 32. Rb2 Rc4 33. a4 Bxa4
34. Rxb7 Ng5 35. Rb6+ Bc6 36. Rb2 Nh3+ 37. Kf1 1/2-1/2

[Event "First Saturday 2010 februar FM-A"]
[Site "Budapest"]
[Date "2010.02.12"]
[Round "7"]
[White "Borda, Lajos"]
[Black "Mayer, Istvan"]
[Result "1/2-1/2"]
[WhiteElo "2060"]
[BlackElo "2160"]
[PlyCount "40"]
[EventDate "2010.02.06"]

1. e4 e6 2. d4 d5 3. exd5 exd5 4. Bd3 Nf6 5. Nf3 Be7 6. O-O O-O 7. Re1 h6 8.
Nbd2 c5 9. c3 Nc6 10. Nf1 Bg4 11. Be3 cxd4 12. cxd4 Ne4 13. h3 Bh5 14. Rc1 Rc8
15. Bb1 Qb6 16. g4 Bg6 17. Qe2 Rfe8 18. Red1 Bf6 19. a3 a5 20. Ba2 Rcd8 1/2-1/2

[Event "First Saturday 2010 februar FM-A"]
[Site "Budapest"]
[Date "2010.02.12"]
[Round "7"]
[White "Kovacs, Lajos"]
[Black "Kantor, Gergely"]
[Result "1-0"]
[WhiteElo "2176"]
[BlackElo "1909"]
[PlyCount "113"]
[EventDate "2010.02.06"]

1. d4 Nf6 2. c4 e6 3. Nc3 Bb4 4. Qc2 O-O 5. a3 Bxc3+ 6. Qxc3 b5 7. cxb5 c6 8.
Nf3 cxb5 9. Bg5 Nc6 10. e3 a6 11. Bd3 h6 12. Bh4 Bb7 13. O-O Rc8 14. Qd2 d6 15.
Rac1 Qe7 16. e4 e5 17. d5 Nb8 18. a4 bxa4 19. Bxf6 Qxf6 20. Qb4 Qe7 21. Nxe5 a5
22. Qb6 dxe5 23. d6 Qd8 24. Qxb7 Rxc1 25. Rxc1 Qxd6 26. Bb5 a3 27. bxa3 Qxa3
28. Rc8 Rxc8 29. Qxc8+ Qf8 30. Qc3 Qd6 31. g3 a4 32. Bxa4 Na6 33. Qc8+ Kh7 34.
Bb3 Qf6 35. Bc4 Nb4 36. Qf8 Nc6 37. Bxf7 Ne7 38. h4 g6 39. Kg2 h5 40. Kg1 g5
41. hxg5 Qxg5 42. Bxh5 Qxh5 43. Qxe7+ Kg8 44. Qe6+ Kg7 45. Kg2 Qg5 46. Qf5 Qe7
47. Kh3 Qd6 48. Kg4 Qd1+ 49. f3 Qd6 50. Qg5+ Kf7 51. Kh3 Qd4 52. Qf5+ Kg7 53.
Qe6 Qb2 54. Kg4 Qc3 55. f4 exf4 56. gxf4 Qd3 57. Qe5+ 1-0

[Event "First Saturday 2010 februar FM-A"]
[Site "Budapest"]
[Date "2010.02.12"]
[Round "7"]
[White "Molnar, Marton M"]
[Black "Tran, Minh Thanh"]
[Result "1/2-1/2"]
[WhiteElo "1979"]
[BlackElo "1921"]
[PlyCount "74"]
[EventDate "2010.02.06"]

1. c4 b6 2. Nf3 Bb7 3. g3 c5 4. Bg2 g6 5. O-O Nc6 6. e3 Bg7 7. Nc3 e6 8. d4 d6
9. d5 Na5 10. dxe6 fxe6 11. e4 Nf6 12. Ng5 Qe7 13. Nb5 O-O 14. Nxd6 Rad8 15. e5
Bxg2 16. Kxg2 Ne8 17. Qe2 Nxd6 18. exd6 Rxd6 19. Bf4 e5 20. Kg1 Rf5 21. h4 Qb7
22. Bd2 Nc6 23. Bc3 Nd4 24. Qe4 Nf3+ 25. Kh1 Qxe4 26. Nxe4 Rd3 27. Rad1 Rxd1
28. Rxd1 Nd4 29. Kg2 Kf8 30. a3 Ke7 31. b4 cxb4 32. axb4 Rf8 33. b5 Rc8 34. Ra1
Rxc4 35. Rxa7+ Kf8 36. Ra8+ Ke7 37. Ra7+ Kf8 1/2-1/2

[Event "First Saturday 2010 februar FM-A"]
[Site "Budapest"]
[Date "2010.02.12"]
[Round "7"]
[White "Darazs, Zoltan"]
[Black "Radnai, Adam"]
[Result "1-0"]
[WhiteElo "2214"]
[BlackElo "2227"]
[PlyCount "41"]
[EventDate "2010.02.06"]

1. e4 d6 2. d4 Nf6 3. Nc3 e5 4. Nf3 Nbd7 5. Bc4 Be7 6. O-O O-O 7. Re1 a6 8. a4
b6 9. Nd5 Nxd5 10. Bxd5 Rb8 11. Qe2 Bf6 12. dxe5 dxe5 13. Rd1 Qe7 14. b3 b5 15.
axb5 axb5 16. Be3 Rd8 17. Ba7 Rb7 18. Bxb7 Bxb7 19. Rd2 Ra8 20. Qxb5 Qc5 21.
Qxb7 1-0

[Event "First Saturday 2010 februar FM-A"]
[Site "Budapest"]
[Date "2010.02.12"]
[Round "7"]
[White "Peredy, Ferenc"]
[Black "Lantos, Attila"]
[Result "1/2-1/2"]
[WhiteElo "2264"]
[BlackElo "2040"]
[PlyCount "29"]
[EventDate "2010.02.06"]

1. e4 d6 2. d4 g6 3. Nc3 Bg7 4. Be3 Nf6 5. Qd2 O-O 6. f3 e5 7. d5 Nbd7 8. O-O-O
a6 9. Kb1 b5 10. g4 Bb7 11. h4 Rc8 12. Nh3 c5 13. Qf2 b4 14. Ne2 c4 15. h5
1/2-1/2

[Event "First Saturday 2010 februar FM-A"]
[Site "Budapest"]
[Date "2010.02.12"]
[Round "7"]
[White "Csonka, Balazs"]
[Black "Cox, Tristan"]
[Result "1/2-1/2"]
[WhiteElo "2143"]
[BlackElo "2066"]
[PlyCount "120"]
[EventDate "2010.02.06"]

1. e4 e5 2. Nf3 Nc6 3. Bb5 Nf6 4. O-O Bc5 5. Nxe5 Nxe4 6. Qe2 Nxe5 7. d4 Be7 8.
dxe5 Nc5 9. Nc3 O-O 10. Bf4 c6 11. Bd3 Nxd3 12. Qxd3 f6 13. Rad1 fxe5 14. Bxe5
d5 15. Ne2 Bf6 16. Bxf6 Qxf6 17. c3 Bg4 18. f3 Bf5 19. Qd4 Qf7 20. Rfe1 b6 21.
Ng3 Bg6 22. Re5 Rad8 23. Rde1 Rd7 24. Qh4 Qf6 25. Qxf6 Rxf6 26. Re7 Rfd6 27. h4
Kf8 28. R7e5 Bf7 29. Kf2 Rd8 30. Nf5 R6d7 31. Re7 Rxe7 32. Nxe7 Rd6 33. Nf5 Rd7
34. a3 a5 35. Ke3 g6 36. Nd4 Re7+ 37. Kd2 Rxe1 38. Kxe1 c5 39. Ne2 Ke7 40. Kd2
Kd6 41. Nf4 Be8 42. g3 Bb5 43. Nh3 h6 44. Nf4 Be8 45. Ke3 Ke5 46. Nd3+ Kf5 47.
g4+ Kf6 48. Kf4 g5+ 49. hxg5+ hxg5+ 50. Ke3 Bb5 51. Nf2 Bc6 52. f4 gxf4+ 53.
Kxf4 Be8 54. g5+ Ke6 55. Nd3 Kd6 56. Kf5 Ba4 57. Ne1 Bd7+ 58. Kf6 b5 59. g6 Be6
60. Nd3 d4 1/2-1/2

[Event "First Saturday 2010 februar FM-A"]
[Site "Budapest"]
[Date "2010.02.13"]
[Round "8"]
[White "Mayer, Istvan"]
[Black "Cox, Tristan"]
[Result "0-1"]
[WhiteElo "2160"]
[BlackElo "2066"]
[PlyCount "60"]
[EventDate "2010.02.06"]

1. e4 e5 2. Bc4 Nc6 3. Nf3 Bc5 4. c3 Nf6 5. O-O Nxe4 6. d3 Nf6 7. b4 d5 8. Bb3
Bd6 9. Bg5 Be6 10. Re1 a6 11. a4 O-O 12. Nbd2 b5 13. Nf1 Qd7 14. Ng3 Rab8 15.
axb5 axb5 16. Bxf6 gxf6 17. Nh5 Be7 18. Qc1 Bg4 19. Qh6 Bxh5 20. Qxh5 Kh8 21.
d4 e4 22. Qxd5 Bd6 23. Qxe4 Rg8 24. Bd5 Qh3 25. Ne5 Nxe5 26. dxe5 Bxe5 27. Bxf7
Qxh2+ 28. Kf1 Rge8 29. f4 Bxc3 30. Qc6 Qxf4+ 0-1

[Event "First Saturday 2010 februar FM-A"]
[Site "Budapest"]
[Date "2010.02.13"]
[Round "8"]
[White "Lantos, Attila"]
[Black "Csonka, Balazs"]
[Result "0-1"]
[WhiteElo "2040"]
[BlackElo "2143"]
[PlyCount "102"]
[EventDate "2010.02.06"]

1. e4 e6 2. d4 d5 3. e5 c5 4. c3 Qb6 5. Nf3 Bd7 6. Bd3 cxd4 7. cxd4 Bb5 8. O-O
Bxd3 9. Qxd3 Ne7 10. Nc3 Nec6 11. a3 Na5 12. Rb1 Be7 13. h4 h6 14. Ne2 Qb3 15.
Nc3 Nc4 16. Bf4 Nc6 17. Nd2 Nxd2 18. Qxd2 Bxh4 19. g3 Be7 20. Rfd1 Na5 21. Qe2
Nc4 22. Rdc1 Rc8 23. g4 Qb6 24. Be3 O-O 25. Qd3 Nxe3 26. fxe3 Bg5 27. Rf1 Qb3
28. Kh1 Rc7 29. Rf2 Rfc8 30. e4 dxe4 31. Qxe4 Rd8 32. Rf3 Rc4 33. Ne2 Qc2 34.
Qd3 a6 35. Nc3 Qxd3 36. Rxd3 Rdxd4 37. Rbd1 Rxd3 38. Rxd3 Rxg4 39. Rd7 Bf4 40.
Rxb7 Bxe5 41. Nd1 Re4 42. Kg2 Re1 43. Rd7 Re2+ 44. Kf3 Rc2 45. b3 f5 46. Re7
Rd2 47. Rxe6 Bd4 48. Re1 Rd3+ 49. Kf4 Rxb3 50. Kxf5 Rxa3 51. Ke4 Bf6 0-1

[Event "First Saturday 2010 februar FM-A"]
[Site "Budapest"]
[Date "2010.02.13"]
[Round "8"]
[White "Radnai, Adam"]
[Black "Peredy, Ferenc"]
[Result "1/2-1/2"]
[WhiteElo "2227"]
[BlackElo "2264"]
[PlyCount "69"]
[EventDate "2010.02.06"]

1. Nf3 d5 2. b3 Nf6 3. Bb2 h6 4. g3 Bf5 5. Bg2 e6 6. O-O Nbd7 7. c4 c6 8. d3
Be7 9. Nbd2 O-O 10. Qe1 Bh7 11. h4 a5 12. a3 b5 13. Bh3 bxc4 14. dxc4 Rb8 15.
Qc1 Qb6 16. g4 Ne4 17. Nxe4 dxe4 18. Nd4 Bxh4 19. b4 axb4 20. axb4 Bf6 21. Nc2
Ne5 22. c5 Qc7 23. Rd1 Rfd8 24. Rxd8+ Rxd8 25. Ra6 Ng6 26. Bxf6 gxf6 27. Qa1
Nf4 28. Bf1 Nd5 29. e3 Qc8 30. Qa4 e5 31. Bh3 Ne7 32. Ra7 Qe6 33. b5 cxb5 34.
Qxb5 h5 35. Qb7 1/2-1/2

[Event "First Saturday 2010 februar FM-A"]
[Site "Budapest"]
[Date "2010.02.13"]
[Round "8"]
[White "Tran, Minh Thanh"]
[Black "Darazs, Zoltan"]
[Result "1/2-1/2"]
[WhiteElo "1921"]
[BlackElo "2214"]
[PlyCount "77"]
[EventDate "2010.02.06"]

1. d4 Nf6 2. Nf3 g6 3. g3 Bg7 4. Bg2 O-O 5. c4 d5 6. b3 c5 7. cxd5 Nxd5 8. Bb2
Qa5+ 9. Qd2 Qxd2+ 10. Nbxd2 Nc6 11. Rb1 cxd4 12. Nxd4 Nxd4 13. Bxd5 Nc2+ 14.
Kd1 Nb4 15. Bxg7 Kxg7 16. Bf3 Nxa2 17. Kc2 Nb4+ 18. Kb2 Rd8 19. Rhd1 Rb8 20.
Rbc1 Na6 21. Nc4 Rxd1 22. Rxd1 Be6 23. Na5 Nc5 24. Rc1 b6 25. Nc6 Rb7 26. b4
Na4+ 27. Ka3 b5 28. Nd4 Rd7 29. Nxe6+ fxe6 30. Bc6 Rc7 31. Rc2 Nb6 32. Rc5 Nc4+
33. Kb3 a6 34. Bxb5 Nd2+ 35. Kc2 Rxc5+ 36. bxc5 Ne4 37. Bxa6 Nxc5 38. Bc4 Kf6
39. f3 1/2-1/2

[Event "First Saturday 2010 februar FM-A"]
[Site "Budapest"]
[Date "2010.02.13"]
[Round "8"]
[White "Kantor, Gergely"]
[Black "Molnar, Marton M"]
[Result "0-1"]
[WhiteElo "1909"]
[BlackElo "1979"]
[PlyCount "116"]
[EventDate "2010.02.06"]

1. d4 Nf6 2. c4 e6 3. Nc3 c5 4. d5 exd5 5. cxd5 d6 6. e4 a6 7. a4 g6 8. Nf3 Bg4
9. Be2 Bxf3 10. Bxf3 Bg7 11. O-O O-O 12. Bf4 Re8 13. Re1 Qb6 14. Qd2 Nbd7 15.
a5 Qc7 16. Na4 Ne5 17. Nb6 Rad8 18. Bxe5 Rxe5 19. Nc4 Ree8 20. Rac1 Nd7 21. b4
Bd4 22. bxc5 Bxc5 23. Qb2 Ne5 24. Nxe5 Rxe5 25. Qd2 b5 26. axb6 Qxb6 27. Rb1
Qa7 28. Re2 Rde8 29. Ree1 a5 30. Rf1 a4 31. Qa2 a3 32. g3 Rb8 33. Bg2 Ree8 34.
Rfc1 Rxb1 35. Rxb1 Rb8 36. Rxb8+ Qxb8 37. Bf1 Qb4 38. Bd3 Qe1+ 39. Kg2 Qxf2+
40. Qxf2 Bxf2 41. Bc4 Bd4 42. Kf3 Kg7 43. Ke2 Kf6 44. Kd3 Bg1 45. h3 Ke5 46.
Ba2 h5 47. Bb1 Bf2 48. g4 hxg4 49. hxg4 Kf4 50. Kc4 Kxg4 51. e5 dxe5 52. d6 Kf4
53. Kd5 Bh4 54. Kc6 e4 55. Kc7 e3 56. d7 e2 57. d8=Q Bxd8+ 58. Kxd8 e1=Q 0-1

[Event "First Saturday 2010 februar FM-A"]
[Site "Budapest"]
[Date "2010.02.13"]
[Round "8"]
[White "Borda, Lajos"]
[Black "Kovacs, Lajos"]
[Result "1/2-1/2"]
[WhiteElo "2060"]
[BlackElo "2176"]
[PlyCount "51"]
[EventDate "2010.02.06"]

1. e4 c5 2. c3 d5 3. exd5 Qxd5 4. d4 Nf6 5. Nf3 Nc6 6. Be2 e6 7. O-O Be7 8. c4
Qd7 9. dxc5 Bxc5 10. Nc3 a6 11. a3 a5 12. Bg5 Qxd1 13. Rfxd1 Nd7 14. Na4 Ba7
15. Rd6 Nc5 16. Rad1 f6 17. Nd4 Nxd4 18. R6xd4 Ke7 19. Nxc5 Bxc5 20. Rg4 fxg5
21. Rxg5 b6 22. Bf3 Rb8 23. Rxg7+ Kf6 24. Rc7 Ba6 25. Rdd7 Bxc4 26. b4 1/2-1/2

[Event "First Saturday 2010 februar FM-A"]
[Site "Budapest"]
[Date "2010.02.14"]
[Round "9"]
[White "Kovacs, Lajos"]
[Black "Mayer, Istvan"]
[Result "1-0"]
[WhiteElo "2176"]
[BlackElo "2160"]
[PlyCount "60"]
[EventDate "2010.02.06"]

1. d4 d5 2. c4 dxc4 3. Nf3 a6 4. a4 Nf6 5. e3 c5 6. Bxc4 Nc6 7. Nc3 e6 8. O-O
Be7 9. Qe2 O-O 10. Rd1 Qc7 11. Bd2 h6 12. Rac1 b6 13. Be1 Bb7 14. d5 exd5 15.
Nxd5 Nxd5 16. Bxd5 Rac8 17. e4 Bf6 18. Bc3 Bxc3 19. bxc3 Ne7 20. c4 Ng6 21. Qb2
Bc6 22. Qb3 Rfe8 23. g3 Qd7 24. Qxb6 Bxd5 25. cxd5 Nf4 26. Nd2 Ne2+ 27. Kf1
Nxc1 28. Rxc1 Qxa4 29. f3 Qd4 30. Qa5 Qd3+ 1-0

[Event "First Saturday 2010 februar FM-A"]
[Site "Budapest"]
[Date "2010.02.14"]
[Round "9"]
[White "Molnar, Marton M"]
[Black "Borda, Lajos"]
[Result "1/2-1/2"]
[WhiteElo "1979"]
[BlackElo "2060"]
[PlyCount "64"]
[EventDate "2010.02.06"]

1. c4 e5 2. Nc3 Nf6 3. g3 d5 4. cxd5 Nxd5 5. Bg2 Nb6 6. Nf3 Bd6 7. O-O O-O 8.
d3 c6 9. a3 Nd5 10. Ne4 Bc7 11. Qc2 h6 12. b4 Re8 13. Bb2 Nd7 14. Rac1 Nf8 15.
Nc5 Bd6 16. Rfd1 a5 17. e4 Nf6 18. d4 exd4 19. Bxd4 Qc7 20. Bxf6 gxf6 21. Qd2
Bxc5 22. Rxc5 b6 23. Rh5 Bg4 24. Rxh6 Rad8 25. Qc1 Rxd1+ 26. Qxd1 Ng6 27. Qc1
axb4 28. axb4 Kg7 29. h3 Bxf3 30. Bxf3 Re5 31. Rh5 Rxh5 32. Bxh5 Qd6 1/2-1/2

[Event "First Saturday 2010 februar FM-A"]
[Site "Budapest"]
[Date "2010.02.14"]
[Round "9"]
[White "Darazs, Zoltan"]
[Black "Kantor, Gergely"]
[Result "1-0"]
[WhiteElo "2214"]
[BlackElo "1909"]
[PlyCount "149"]
[EventDate "2010.02.06"]

1. e4 c5 2. Nf3 d6 3. d4 cxd4 4. Nxd4 Nf6 5. Nc3 g6 6. Be3 Bg7 7. f3 O-O 8. Qd2
Nc6 9. O-O-O d5 10. exd5 Nxd5 11. Nxd5 Qxd5 12. Nxc6 Qxc6 13. Qd5 Qxd5 14. Rxd5
Be6 15. Ra5 b6 16. Ra4 Rfd8 17. Bc4 Bd7 18. Rb4 Bc6 19. Rd1 Rxd1+ 20. Kxd1 Be5
21. h3 Rd8+ 22. Kc1 Kg7 23. Rb3 Bd4 24. Rd3 Bxe3+ 25. Rxe3 e6 26. Bd3 Kf6 27.
Be4 Bxe4 28. Rxe4 g5 29. h4 h6 30. c4 Ke7 31. hxg5 hxg5 32. Kc2 f5 33. Re2 Kf6
34. b4 e5 35. Rd2 Rc8 36. Kc3 Ke6 37. a4 a6 38. Ra2 a5 39. bxa5 bxa5 40. Rb2
Kd6 41. Rd2+ Ke6 42. Rd5 Ra8 43. Rb5 Ra6 44. Rb8 g4 45. Rh8 gxf3 46. gxf3 Kd7
47. Rh7+ Kc6 48. Rf7 f4 49. Rf5 Ra8 50. Rxe5 Kb6 51. Rb5+ Ka6 52. Kd4 Rd8+ 53.
Rd5 Rb8 54. Rd6+ Ka7 55. Rf6 Rb4 56. Rxf4 Rxa4 57. Kc5 Ra1 58. Rf7+ Ka6 59.
Rf6+ Ka7 60. Kb5 Rc1 61. Rf4 Ra1 62. c5 Rc1 63. Rc4 Rf1 64. Rf4 Kb7 65. Rf7+
Kb8 66. Kxa5 Ra1+ 67. Kb6 Rb1+ 68. Kc6 Rh1 69. f4 Rh8 70. f5 Rc8+ 71. Kb6 Ka8
72. Ra7+ Kb8 73. c6 Rxc6+ 74. Kxc6 Kxa7 75. f6 1-0

[Event "First Saturday 2010 februar FM-A"]
[Site "Budapest"]
[Date "2010.02.14"]
[Round "9"]
[White "Peredy, Ferenc"]
[Black "Tran, Minh Thanh"]
[Result "1/2-1/2"]
[WhiteElo "2264"]
[BlackElo "1921"]
[PlyCount "33"]
[EventDate "2010.02.06"]

1. e4 c5 2. Nf3 d6 3. d4 cxd4 4. Nxd4 Nf6 5. Nc3 Nc6 6. Bg5 e6 7. Qd2 Be7 8.
O-O-O a6 9. f4 Nxd4 10. Qxd4 b5 11. Bxf6 gxf6 12. f5 Qa5 13. fxe6 Bxe6 14. Kb1
Bd7 15. a3 Rb8 16. Na2 Qb6 17. c3 1/2-1/2

[Event "First Saturday 2010 februar FM-A"]
[Site "Budapest"]
[Date "2010.02.14"]
[Round "9"]
[White "Csonka, Balazs"]
[Black "Radnai, Adam"]
[Result "1-0"]
[WhiteElo "2143"]
[BlackElo "2227"]
[PlyCount "69"]
[EventDate "2010.02.06"]

1. e4 c5 2. Nf3 Nf6 3. Nc3 d5 4. exd5 Nxd5 5. Bb5+ Bd7 6. Ne5 Bxb5 7. Qf3 f6 8.
Nxb5 Na6 9. Qh5+ g6 10. Nxg6 hxg6 11. Qxh8 Qd7 12. Qg8 O-O-O 13. Nc3 Qg4 14.
Nxd5 Qxg2 15. Rf1 Rxd5 16. d3 Nb4 17. Be3 Nxc2+ 18. Ke2 Nxa1 19. Qxf8+ Kd7 20.
Rxa1 Qg4+ 21. Kd2 Qe4 22. Qb8 Rxd3+ 23. Ke2 Rxe3+ 24. fxe3 Qg2+ 25. Kd3 c4+ 26.
Kc3 Qd5 27. Qxa7 Qd3+ 28. Kb4 Qd2+ 29. Ka3 Qd6+ 30. Ka4 Qc6+ 31. Kb4 Qd6+ 32.
Qc5 Qd2+ 33. Ka3 Qd3+ 34. b3 c3 35. Qd4+ 1-0

[Event "First Saturday 2010 februar FM-A"]
[Site "Budapest"]
[Date "2010.02.14"]
[Round "9"]
[White "Cox, Tristan"]
[Black "Lantos, Attila"]
[Result "0-1"]
[WhiteElo "2066"]
[BlackElo "2040"]
[PlyCount "58"]
[EventDate "2010.02.06"]

1. c4 e5 2. Nc3 Nc6 3. e3 g6 4. d4 d6 5. Nf3 Bg7 6. Be2 Nge7 7. d5 Nb8 8. h4 h6
9. h5 g5 10. e4 a6 11. Be3 b6 12. Nd2 f5 13. exf5 Nxf5 14. Bd3 O-O 15. Nde4
Nxe3 16. fxe3 Nd7 17. Ng3 Nc5 18. Bc2 e4 19. Qd2 Bg4 20. b4 Nd3+ 21. Bxd3 exd3
22. Qxd3 Qf6 23. Nge4 Qe5 24. Kd2 Rae8 25. Raf1 Bf5 26. Rxf5 Qxf5 27. Re1 Rf7
28. Re2 Rfe7 29. Rf2 Bxc3+ 0-1

[Event "First Saturday 2010 februar FM-A"]
[Site "Budapest"]
[Date "2010.02.15"]
[Round "10"]
[White "Mayer, Istvan"]
[Black "Lantos, Attila"]
[Result "1-0"]
[WhiteElo "2160"]
[BlackElo "2040"]
[PlyCount "65"]
[EventDate "2010.02.06"]

1. e4 c5 2. Nf3 e6 3. d4 cxd4 4. Nxd4 a6 5. c4 Qc7 6. Nc3 Nf6 7. Be2 Bb4 8. Qc2
O-O 9. O-O Bxc3 10. bxc3 d5 11. exd5 exd5 12. cxd5 Nxd5 13. c4 Nf4 14. Bf3 Ng6
15. Ba3 Rd8 16. Rad1 Bd7 17. Nf5 Bxf5 18. Rxd8+ Qxd8 19. Qxf5 Nc6 20. Bd5 Qe8
21. Qb1 Qc8 22. Qb6 Nf4 23. Rb1 Nxd5 24. cxd5 Nd8 25. Qd6 h5 26. Re1 Qf5 27. h3
Kh7 28. Re5 Qb1+ 29. Kh2 f6 30. Rxh5+ Kg6 31. Rh8 Nf7 32. Qg3+ Kf5 33. Rxa8 1-0

[Event "First Saturday 2010 februar FM-A"]
[Site "Budapest"]
[Date "2010.02.15"]
[Round "10"]
[White "Radnai, Adam"]
[Black "Cox, Tristan"]
[Result "0-1"]
[WhiteElo "2227"]
[BlackElo "2066"]
[PlyCount "72"]
[EventDate "2010.02.06"]

1. e4 e6 2. Qe2 d5 3. exd5 Qxd5 4. Nc3 Qd8 5. g3 Nf6 6. Bg2 Be7 7. Nf3 c5 8.
O-O Nc6 9. b3 O-O 10. Bb2 b6 11. Rfd1 Bb7 12. d4 cxd4 13. Nb5 Qc8 14. a4 Nd5
15. Nfxd4 Nxd4 16. Rxd4 Bf6 17. Rc4 Qd8 18. c3 a6 19. Nd4 Qd7 20. Bh3 Rfe8 21.
Rd1 Qd6 22. Bg2 b5 23. axb5 axb5 24. Nxb5 Qb6 25. Ra4 Ba6 26. c4 Bxb2 27. cxd5
Bf6 28. dxe6 Rxe6 29. Qa2 Rb8 30. Bf1 Bxb5 31. Rb4 Re5 32. Qc2 Be7 33. Rxb5
Rxb5 34. Bxb5 Qxb5 35. Qc7 Bf8 36. Rd7 Qxb3 0-1

[Event "First Saturday 2010 februar FM-A"]
[Site "Budapest"]
[Date "2010.02.15"]
[Round "10"]
[White "Tran, Minh Thanh"]
[Black "Csonka, Balazs"]
[Result "0-1"]
[WhiteElo "1921"]
[BlackElo "2143"]
[PlyCount "50"]
[EventDate "2010.02.06"]

1. d4 Nf6 2. Nf3 b6 3. c4 e6 4. g3 Bb7 5. Bg2 g6 6. O-O Bg7 7. Re1 O-O 8. Nc3
Ne4 9. Qc2 Nxc3 10. bxc3 d6 11. Ba3 c5 12. e4 Qc7 13. d5 e5 14. Bc1 Nd7 15. Bh3
Bc8 16. Be3 Nf6 17. Bxc8 Qxc8 18. Kg2 Ng4 19. Bd2 f5 20. h3 fxe4 21. Qxe4 Nf6
22. Qh4 Qf5 23. Ng5 h6 24. Ne6 g5 25. g4 Qxe6 0-1

[Event "First Saturday 2010 februar FM-A"]
[Site "Budapest"]
[Date "2010.02.15"]
[Round "10"]
[White "Kantor, Gergely"]
[Black "Peredy, Ferenc"]
[Result "1/2-1/2"]
[WhiteElo "1909"]
[BlackElo "2264"]
[PlyCount "40"]
[EventDate "2010.02.06"]

1. d4 Nf6 2. c4 e6 3. Nc3 Bb4 4. e3 O-O 5. Nge2 d5 6. a3 Be7 7. cxd5 Nxd5 8.
Bd2 c5 9. dxc5 Bxc5 10. g3 Nxc3 11. Bxc3 Bd7 12. Nd4 e5 13. Nb3 Bc6 14. Qxd8
Rxd8 15. Rg1 Nd7 16. Na5 Bd5 17. Rd1 Bf3 18. Be2 Be4 19. Bd3 Bf3 20. Be2 Be4
1/2-1/2

[Event "First Saturday 2010 februar FM-A"]
[Site "Budapest"]
[Date "2010.02.15"]
[Round "10"]
[White "Borda, Lajos"]
[Black "Darazs, Zoltan"]
[Result "1/2-1/2"]
[WhiteElo "2060"]
[BlackElo "2214"]
[PlyCount "39"]
[EventDate "2010.02.06"]

1. d4 Nf6 2. c4 g6 3. Nc3 d5 4. cxd5 Nxd5 5. Bd2 Bg7 6. e4 Nb6 7. Be3 O-O 8. f4
Nc6 9. d5 Na5 10. Bd4 e5 11. fxe5 Nac4 12. Nf3 Bg4 13. Bxc4 Nxc4 14. Ne2 Bxf3
15. gxf3 Nxe5 16. O-O c6 17. f4 Ng4 18. h3 Nf6 19. dxc6 bxc6 20. Qc2 1/2-1/2

[Event "First Saturday 2010 februar FM-A"]
[Site "Budapest"]
[Date "2010.02.16"]
[Round "11"]
[White "Peredy, Ferenc"]
[Black "Borda, Lajos"]
[Result "1/2-1/2"]
[WhiteElo "2264"]
[BlackElo "2060"]
[PlyCount "50"]
[EventDate "2010.02.06"]

1. d4 Nf6 2. c4 e6 3. Nc3 Bb4 4. Qc2 d5 5. cxd5 Qxd5 6. Nf3 Qf5 7. Qb3 Nc6 8.
Bd2 O-O 9. h3 b6 10. g4 Qa5 11. Rc1 Bb7 12. a3 Bxc3 13. Bxc3 Qd5 14. Qxd5 Nxd5
15. Bd2 Rfd8 16. e3 Rac8 17. b4 Nce7 18. Be2 Nf6 19. O-O Ne4 20. Rc2 Nxd2 21.
Nxd2 Nd5 22. Rfc1 Rd7 23. Bb5 Re7 24. Kf1 f5 25. Ke2 Nf6 1/2-1/2

[Event "First Saturday 2010 februar FM-A"]
[Site "Budapest"]
[Date "2010.02.16"]
[Round "11"]
[White "Csonka, Balazs"]
[Black "Kantor, Gergely"]
[Result "1-0"]
[WhiteElo "2143"]
[BlackElo "1909"]
[PlyCount "93"]
[EventDate "2010.02.06"]

1. e4 c5 2. Nf3 d6 3. d4 cxd4 4. Nxd4 Nf6 5. f3 e5 6. Nb3 Be6 7. Nc3 h6 8. Be3
Nc6 9. Qd2 d5 10. exd5 Nxd5 11. Nxd5 Qxd5 12. Qxd5 Bxd5 13. O-O-O Bxb3 14. axb3
Be7 15. Bb5 a6 16. Bxc6+ bxc6 17. Rhe1 O-O 18. Rd7 Rfe8 19. Red1 Kf8 20. Rc7
Rac8 21. Rdd7 Rxc7 22. Rxc7 f5 23. Rxc6 a5 24. Bc5 Rd8 25. Rc7 Bd6 26. Rc6 Be7
27. Rc7 Bd6 28. Bxd6+ Rxd6 29. Rc5 Re6 30. Kd2 Kf7 31. Rxa5 Kf6 32. b4 Rd6+ 33.
Ke2 f4 34. b5 Kf5 35. c4 Rd4 36. b3 Ke6 37. Ra6+ Kd7 38. Rg6 Kc7 39. Rxg7+ Kb6
40. Rg6+ Kb7 41. Rxh6 e4 42. fxe4 Rxe4+ 43. Kf3 Re3+ 44. Kxf4 Rxb3 45. h4 Rc3
46. Rc6 Rc2 47. g4 1-0

[Event "First Saturday 2010 februar FM-A"]
[Site "Budapest"]
[Date "2010.02.16"]
[Round "11"]
[White "Lantos, Attila"]
[Black "Radnai, Adam"]
[Result "0-1"]
[WhiteElo "2040"]
[BlackElo "2227"]
[PlyCount "71"]
[EventDate "2010.02.06"]

1. e4 c5 2. Nf3 Nc6 3. Nc3 e5 4. Bc4 Be7 5. O-O d6 6. Nd5 Nf6 7. Nxe7 Qxe7 8.
Re1 O-O 9. h3 Rb8 10. a4 a6 11. a5 Qc7 12. c3 Nxa5 13. Bf1 c4 14. d4 cxd3 15.
Bxd3 Be6 16. Bc2 h6 17. Nh4 Rbd8 18. Qf3 Nh7 19. Qh5 Nf6 20. Qf3 Nh7 21. Qh5 g5
22. Nf5 Bxf5 23. exf5 Kg7 24. h4 Nf6 25. Qe2 gxh4 26. Ra4 e4 27. Qd2 Rh8 28.
Bxe4 Nb3 29. Qf4 Nc5 30. Rc4 b5 31. Rxc5 Qxc5 32. Qxh4 Rde8 33. Be3 Rxe4 34.
Qg3+ Rg4 35. Qf3 Qd5 36. Qh3 {after 18 move} 0-1